[Event "Torghatten GP-B"]
[Site "Bronnoysund"]
[Date "2004.03.13"]
[Round "2"]
[White "Ulvik, Steinar"]
[Black "Wibe, Lars"]
[Result "1-0"]
[WhiteElo "1156"]
[BlackElo "1200"]
[PlyCount "35"]
[EventDate "2004.03.13"]
[EventType "swiss"]
[EventRounds "5"]
[EventCountry "NOR"]
[SourceTitle "EXT 2006"]
[Source "ChessBase"]
[SourceDate "2005.11.24"]
[SourceVersion "1"]
[SourceVersionDate "2005.11.24"]
[SourceQuality "1"]

1. e4 e5 2. Nf3 d6 3. Nc3 Nf6 4. Bc4 Bg4 5. h3 Bxf3 6. Qxf3 Qe7 7. d3 Nc6 8. Bb5 a6 9. Bxc6+ bxc6 10. Bg5 0-0-0 11. 0-0 h6 12. Bxf6 gxf6 13. Rfe1 Rg8 14. a3 d5 15. exd5 cxd5 16. Nxd5 Qe6 17. Nxf6 Rg6 18. Qa8# 1-0